Outskrits of galaxy clusters-intense life in the suburbs (Record no. 15962)
[ view plain ]
| 000 -LEADER | |
|---|---|
| fixed length control field | 00902nam a2200229Ia 4500 |
| 003 - CONTROL NUMBER IDENTIFIER | |
| control field | IN-BaIIA |
| 008 - FIXED-LENGTH DATA ELEMENTS--GENERAL INFORMATION | |
| fixed length control field | 211028s9999 xx 000 0 eng d |
| 020 ## - INTERNATIONAL STANDARD BOOK NUMBER | |
| International Standard Book Number | 0-521-84908-X |
| 040 ## - CATALOGING SOURCE | |
| Transcribing agency | IIA Library |
| 080 ## - UNIVERSAL DECIMAL CLASSIFICATION NUMBER | |
| Universal Decimal Classification number | 082.2:52 |
| Item number | IAU-C195 |
| 111 ## - MAIN ENTRY--MEETING NAME | |
| Meeting name or jurisdiction name as entry element | Colloquium of the International Astronomical Union |
| Number of part/section/meeting | 195th |
| Location of meeting | Italia |
| Date of meeting or treaty signing | 2004 Mar. 12-16 |
| 9 (RLIN) | 29474 |
| 245 #0 - TITLE STATEMENT | |
| Title | Outskrits of galaxy clusters-intense life in the suburbs |
| Remainder of title | proceedings of IAU Colloquium 195 held in Torino, Italia, 12-16 Mar 2004 |
| Statement of responsibility, etc. | edited by Antonaldo Diaferio |
| 260 ## - PUBLICATION, DISTRIBUTION, ETC. | |
| Place of publication, distribution, etc. | Cambridge |
| Name of publisher, distributor, etc. | Cambridge University Press |
| Date of publication, distribution, etc. | 2005 |
| 300 ## - PHYSICAL DESCRIPTION | |
| Extent | xxii, 560p. |
| 490 ## - SERIES STATEMENT | |
| Series statement | IAU symposium and colloquium proceedings series; no. 195 |
| 650 ## - SUBJECT ADDED ENTRY--TOPICAL TERM | |
| Topical term or geographic name entry element | Clusters |
| 9 (RLIN) | 11176 |
| 650 ## - SUBJECT ADDED ENTRY--TOPICAL TERM | |
| Topical term or geographic name entry element | Congress |
| 9 (RLIN) | 29475 |
| 650 ## - SUBJECT ADDED ENTRY--TOPICAL TERM | |
| Topical term or geographic name entry element | Galaxies |
| 9 (RLIN) | 1286 |
| 650 ## - SUBJECT ADDED ENTRY--TOPICAL TERM | |
| Topical term or geographic name entry element | Mathematical models |
| 9 (RLIN) | 6726 |
| 700 ## - ADDED ENTRY--PERSONAL NAME | |
| Personal name | Diaferio, Antonaldo, ed. |
| 9 (RLIN) | 29476 |
| 942 ## - ADDED ENTRY ELEMENTS (KOHA) | |
| Koha item type | Books |
| Withdrawn status | Lost status | Damaged status | Not for loan | Home library | Current library | Shelving location | Date acquired | Source of acquisition | Total Checkouts | Full call number | Barcode | Date last seen | Price effective from | Koha item type | Purchase Price |
|---|---|---|---|---|---|---|---|---|---|---|---|---|---|---|---|
| IIA Library-Bangalore | IIA Library-Bangalore | General Stacks | 17/10/2005 | CAM | 082.2:52/ IAU-C195 | 16884 | 05/11/2021 | 17/10/2005 | Books | £ 50.00 |